The Korea Times

Bibliographic Details
Format: Serial
Language:English
Published: Karachi : AsiaNet Pakistan (Pvt), 2012-
Subjects:
Online Access:http://www.vlex.com/source/7291

MARC

LEADER 00000nas a22000007a 4500
005 20130503095619.0
007 cr|||| ||||
008 130503c2012 pk |||| s|||| 0|||a1eng d
035 |a 7291 
040 |a vLex 
090 |c 4263  |d 4263 
245 0 4 |a The Korea Times  |h [Recurso electrn̤ico] 
256 |a Servicio en ln̕ea 
260 |a Karachi :  |b AsiaNet Pakistan (Pvt),   |c 2012- 
300 |a 1 Recurso electrn̤ico 
506 |d vLex Global  |d vLex Global (Academic Edition, excluding Law Schools)  |d vLex Global (U.S. Academic Edition, Law Schools)  |d vLex Global (U.S. Academic Edition, excluding Law Schools)  |d vLex Global (Academic Edition, Law Schools) 
650 0 4 |a Informacin̤ general  |v Revistas  |z Corea del Sur 
740 |a vLex Revistas (Servicio en ln̕ea) 
856 |a Acceso restringido  |u http://www.vlex.com/source/7291 
942 |c REV 
999 0 |a News